KANGO-Vlak - New system of trains ordering
Grafikon vlakovej dopravy v Českej republike. Tvorba cestovného poriadku železníc. Informačné systémy pre plánovanie vlakovej dopravy CEV, ASO a SENA. Charakteristika nového informačného systému KANGO a KASO.
Salvato in:
| Autore principale: | |
|---|---|
| Altri autori: | |
| Natura: | Capitolo di libro |
| Lingua: | inglese |
| Soggetti: | |
| Tags: |
Nessun Tag, puoi essere il primo ad aggiungerne!!
|
MARC
| LEADER | 00000naa a2200000 4500 | ||
|---|---|---|---|
| 001 | 0135298 | ||
| 005 | 20231018105609.5 | ||
| 041 | 0 | |a eng | |
| 044 | |a SK | ||
| 245 | 1 | 0 | |a KANGO-Vlak - New system of trains ordering |c Karel Greiner, Josef Volek |
| 520 | |a Grafikon vlakovej dopravy v Českej republike. Tvorba cestovného poriadku železníc. Informačné systémy pre plánovanie vlakovej dopravy CEV, ASO a SENA. Charakteristika nového informačného systému KANGO a KASO. | ||
| 610 | 2 | 0 | |a doprava železničná |
| 610 | 2 | 0 | |a systémy informačné |
| 610 | 2 | 0 | |a železnice |
| 610 | 2 | 0 | |a Česko |
| 100 | 1 | |a Greiner, Karel | |
| 700 | 1 | |a Volek, Josef | |